00331nam a2200121 a 450000500170000000800410001705000240005810000160008224500420009826000360014030000210017665000120019720140310183204.0030124s19uu xx 00 eng d aPR 6066b.P462 1997 aPerry, Anne aWeighed in the balance /cAnne Perry. aUSA :bBallantine Books,c1997. a373 p. :c18 cm. aFiction